1407 1505 1060 1240 1596 1330 1468 1147 1131 1562 1628 1145 1872 1445 1731 1866 1435 1607 1906 1844 1117 1273 1216 1181 1767 1004 1415 1928 1923 1654 1303 1793 1889 1233 1247 1296 1249 1950 1991 1814 1875 1152 1968 1576 1452 1545 1749 1493 1737 1432 1802 1348 1297 1516 1430 1045 1148 1595 1278 1006 1400 1486 1890 1787 1705 1610 1946 1557 1256 1531 1403 1991 1775 1667 1756 1785 1225 1304 1249 1741 1309 1460 1308 1498 1089 1249 1606 1043 1824 1434 1384 1735 1489 1724 1130 1693 1815 1694 1169 BCNSPRNW ULIB Ver.6.0+V

เปลี่ยนเป็นภาษาไทย

Change to English
 แสดงรายละเอียดบรรณานุกรม
  กลับหน้าหลัก

Brief Record : Get Marc (ISO 2709) : E-mail record : QR code < ปิดหน้าต่าง
LEADER : 00000nam 2200000uu 4500
001    13399126849
003     ULIB
008    020711s|||| th a 000 0 tha d
060    วจ^aWY152^bส875ก
100    ^aสุวพิชญ์ ชัชวาลธีราพงศ์.
245    ^aการพัฒนารูปแบบการส่งเสริมสุขภาพเพื่อป้องกันการเกิดโรคความดันโลหิตสูงในประชากรกลุ่มเสี่ยงโดยยึดครอบครัวเป็นศูนย์กลางและการมีส่วนร่วมของชุมชน.
260    ^aนครสวรรค์ :^bวิทยาลัยพยาบาลบรมราชชนนีสวรรค์ประชารักษ์ นครสวรรค์,^cม.ป.ป.
650    ^aโรคความดันโลหิตสูง
945    ^p0^l0^i005508
999    ^aประนอม เกษจรัล
รายการนี้ยังไม่มีแท็ก
คุณยังไม่ได้ล็อกอิน คุณสามารถมีกิจกรรมร่วมกับเว็บไซต์ได้ แต่ต้องล็อกอินก่อน ::
  ล็อกอิน

รายการสื่อสารสนเทศ

ลำดับที่ ประเภท เลขเรียก/บาร์โค้ด สถานที่ สถานะ
1. Book การพยาบาล
Book การพยาบาล
วจ WY152 ส875ก ฉ.1 
  Barcode: 005508
ห้องสมุดวิทยาเขตสวรรค์ประชารักษ์
►หนังสือทั่วไป
บนชั้น

รายการใกล้เคียง
    หัวเรื่อง [โรคความดันโลหิตสูง]

BibComment


ยังไม่เคยถูกคอมเมนท์

คอมเมนท์ทรัพยากรรายการนี้
  คอมเมนท์: การพัฒนารูปแบบกา..


 Copyright 2026. Bcnsprnw @Library